Hands-on Novell Open Enterprise Server for NetWare and Linux / (Record no. 49174)

MARC details
000 -LEADER
fixed length control field 01075cam a22003257a 4500
001 - CONTROL NUMBER
control field 14804150
003 - CONTROL NUMBER IDENTIFIER
control field OSt
005 - DATE AND TIME OF LATEST TRANSACTION
control field 20170308120959.0
008 - FIXED-LENGTH DATA ELEMENTS--GENERAL INFORMATION
fixed length control field 070411s2007 at a 001 0 eng d
010 ## - LIBRARY OF CONGRESS CONTROL NUMBER
LC control number 2007295635
020 ## - INTERNATIONAL STANDARD BOOK NUMBER
International Standard Book Number 9781418835316 (pbk.)
020 ## - INTERNATIONAL STANDARD BOOK NUMBER
International Standard Book Number 1418835315 (pbk.)
035 ## - SYSTEM CONTROL NUMBER
System control number (OCoLC)ocm71017378
035 ## - SYSTEM CONTROL NUMBER
System control number (OCoLC)71017378
040 ## - CATALOGING SOURCE
Original cataloging agency SISPL
Transcribing agency SISPL
Modifying agency BAKER
-- HKP
-- YDXCP
-- DLC
042 ## - AUTHENTICATION CODE
Authentication code lccopycat
050 00 - LIBRARY OF CONGRESS CALL NUMBER
Classification number QA76.76.O63
Item number S55 2007
100 1# - MAIN ENTRY--PERSONAL NAME
Personal name Simpson, Ted L.
245 10 - TITLE STATEMENT
Title Hands-on Novell Open Enterprise Server for NetWare and Linux /
Statement of responsibility, etc Ted Simpson.
260 ## - PUBLICATION, DISTRIBUTION, ETC. (IMPRINT)
Place of publication, distribution, etc Australia ;
-- Boston, Mass. :
Name of publisher, distributor, etc Thomson Course Technology,
Date of publication, distribution, etc 2007.
300 ## - PHYSICAL DESCRIPTION
Extent xx, 636 p. :
Other physical details ill. ;
Dimensions 28 cm. +
Accompanying material 2 CD-ROMs (4 3/4 in.) +1 DVD (4 3/4 in.)
500 ## - GENERAL NOTE
General note Includes index.
630 00 - SUBJECT ADDED ENTRY--UNIFORM TITLE
Uniform title Novell Open Enterprise Server.
630 00 - SUBJECT ADDED ENTRY--UNIFORM TITLE
Uniform title NetWare.
630 00 - SUBJECT ADDED ENTRY--UNIFORM TITLE
Uniform title Linux.
650 #0 - SUBJECT ADDED ENTRY--TOPICAL TERM
Topical term or geographic name as entry element Operating systems (Computers)
906 ## - LOCAL DATA ELEMENT F, LDF (RLIN)
a 7
b cbc
c copycat
d 2
e ncip
f 20
g y-gencatlg
942 ## - ADDED ENTRY ELEMENTS (KOHA)
Source of classification or shelving scheme Library of Congress Classification
Koha item type Book
Holdings
Withdrawn status Lost status Source of classification or shelving scheme Damaged status Not for loan Collection code Home library Current library Shelving location Date acquired Source of acquisition Cost, normal purchase price Full call number Barcode Price effective from Koha item type Serial Enumeration / chronology Total Checkouts
    Library of Congress Classification     Non-fiction Bishop Okullu Memorial Library (Limuru Campus) Bishop Okullu Memorial Library (Limuru Campus) General Circulation 08/03/2017 Donation-BFA 2000.00 QA76.76.O63 S55 2007 051445 08/03/2017 Book    
    Library of Congress Classification   Not For Loan Non-fiction Machakos Campus Machakos Campus   08/03/2017 Donation-BFA 2000.00 QA76.76.O63 S55 2007 051446 08/03/2017 CD/DVD CD